Представление документа в формате MARC21

Поле Инд. ПП Название Значение
Тип записи a
Библиографический уровень m
001 Контрольный номер RU/LIBMSTU/262342988
005 Дата корректировки 20140507143447.2
008 Кодируемые данные 080505|||||||||ru |||||||||||000|||rus||
020 a ISBN 5-241-00459-9
c Цена, тираж 144-50
040 b Код языка каталог. rus
041 a Код языка текста rus
084 a Индекс другой классификации/Индекс ББК 68.42+67.401.13
090 a Полочн. индекс 68.4
x Авторский знак В 27
100 1_ a Автор Великоредчанин С. Ч.
245 10 a Заглавие Азбука призыва
b Продолж. заглавия пособие для призывников и их родителей
260 a Место издания Москва
a Место издания Ростов-на-Дону
b Издательство МарТ
c Дата издания 2005
300 a Объем 495 с.
b Иллюстрации/ тип воспроизводства табл.
440 _7 a Серия Серия "Юридическая практика"
650 a Основная рубрика Призыв на военную службу-Правовые основы-Защита прав
653 a Ключевые слова Призывники
653 1_ a Ключевые слова Призыв
653 1_ a Ключевые слова Военная служба
653 1_ a Ключевые слова Защита прав призывников
653 1_ a Ключевые слова Врачебно-военная экспертиза
653 1_ a Ключевые слова Законодательные акты
901 t Тип документа m